| 000 | 00861nam a22002777a 4500 | ||
|---|---|---|---|
| 001 | BR9402992 | ||
| 003 | BR-BrBNA | ||
| 005 | 20230928094033.0 | ||
| 007 | ta | ||
| 008 | 230509b bl.||||| |||| 00| 0 por d | ||
| 040 |
_aBR-BrBNA _bpor _cBiblioteca Nacional de Agricultura |
||
| 041 | _a(Por) | ||
| 072 |
_aP34 _b3920 |
||
| 090 | _ 3920 BR9402992 | ||
| 100 | 1 | _aFreitas, S. dos S. | |
| 110 | 1 |
_aEscola Superior de Agricultura Luiz de Queiroz, Piracicaba, SP (Brasil) _0Tese (Doutor em Agronomia) |
|
| 245 | 1 | _aRizobacterias e suas interacoes com plantas e microrganismos | |
| 260 | 3 |
_aPiracicaba, SP (Brasil): _c1994. |
|
| 300 | _a112 p. | ||
| 500 | _aSummaries (Eng, Por); Bibliography p. 89-112 (128 ref.) | ||
| 650 | _aRhizobium | ||
| 650 | _aMicorriza | ||
| 650 | _aRelacao Solo-Planta | ||
| 909 |
_a202309 _bLucia _c55 _dLucia Elande |
||
| 942 | _cBK | ||
| 999 |
_c48540 _d48540 |
||